| 000 | 00771cam a22002414a 4500 | ||
|---|---|---|---|
| 999 |
_c5866 _d5866 |
||
| 001 | 13368656 | ||
| 003 | GZU | ||
| 005 | 20210414091255.0 | ||
| 008 | 031009s2004 stka b 001 0 eng | ||
| 010 | _a 2003066716 | ||
| 020 | _a0702026344 | ||
| 040 |
_aDLC _cDLC _dDLC |
||
| 042 | _apcc | ||
| 050 | 0 | 0 |
_aSF281 _b.MCG 2004 |
| 100 | 1 |
_aMcGreevy, Paul, _d1964- _eauthor |
|
| 245 | 1 | 0 |
_aEquine behavior : _ba guide for veterinarians and equine scientists / _cPaul McGreevy ; foreword by Reuben Rose. |
| 260 |
_aEdinburgh : _bSaunders, _c2004. |
||
| 300 |
_axiv, 369 p. : _bill. (some col.) ; _c25 cm. |
||
| 504 | _aIncludes bibliographical references. | ||
| 650 | 0 |
_aHorses _xBehavior. |
|
| 906 |
_a7 _bcbc _corignew _d1 _eocip _f20 _gy-gencatlg |
||
| 942 |
_2lcc _cBK _h281 _iMCG _kSF |
||